Statistics for Words in English of Portuguese Origin

Click here to take the quiz!

General Stats

  • This quiz has been taken 13 times
  • The average score is 6 of 18

Answer Stats

HintAnswer% Correct
Pink birdflamingo
92%
Deadly and annoying insectmosquito
92%
Aggressive river fishpiranha
75%
Undead humanzombie
67%
Yellow fruitbanana
50%
Fruit preservemarmalade
50%
Brazilian Martial Artcapoeira
33%
Genus of snakecobra
33%
Tree nutcashew
25%
Type of spicy curryVindaloo
25%
Chill style of musicBossa Nova
17%
Largest Tree Fruitjackfruit
17%
Particularly fast Discovery Age boatcaravel
8%
Dog Breedlabrador
8%
Sugary syrupmolasses
8%
South American fruitaçaí
0%
Small species of monkeymacaque
0%
Japanese food preparation methodtempura
0%

Score Distribution

Percentile by Number Answered

Percent of People with Each Score

Your Score History

You have not taken this quiz